000 00867nam a2200313 a 4500
003 AR-BaBNM
005 20251128204124.0
008 082120s2002 ||||||||||||||000 | spa||
020 _a950-25-2681-3
040 _cAR-BaBNM
100 1 _aDefilippis Novoa, Francisco
245 0 0 _aMaría la tonta ;
_bHe visto a Dios
260 _aBuenos Aires
_bCentro Editor de América Latina
_c1993
300 _aviii, 108 p.
490 0 _aBiblioteca básica Argentina. Serie B
500 _aSelección, prólogo y notas de Luis Ardaz
650 4 _aLITERATURA ARGENTINA
650 4 _aSIGLO VEINTE
650 4 _aTEATRO NACIONAL
650 4 _aTEATRO POPULAR
650 4 _aTEATRO
650 4 _aREALISMO
651 4 _aArgentina
653 _aVANGUARDIAS LITERARIAS
655 _aLITERATURA
700 1 _aOrdaz, Luis
_ecompilador
942 _cBK
998 _cGrace
999 _c6262
_d6262